| 000 | 00674nam a2200217 a 4500 | ||
|---|---|---|---|
| 001 | BRCA_1754 | ||
| 005 | 20190320203533.0 | ||
| 008 | 840328s1984 nyua---##b---#001-0#eng-# | ||
| 020 | _a0896600017 | ||
| 040 |
_aDLC _cDLC _dDLC |
||
| 050 | 4 |
_aND210 _b.G47 1984 |
|
| 100 | 1 |
_aGerdts, William H. _95477 |
|
| 245 | 1 | 0 |
_aAmerican Impressionism _cWilliam H. Gerdts. |
| 260 |
_aNew York _bArtabras Publishers _c1984 |
||
| 300 |
_a336 p. _bil. (algunas a color) _c34 cm. |
||
| 500 | _aIncluye índice alfabético | ||
| 504 | _aBibliografía: p. 321-331 | ||
| 650 | 1 | 4 |
_aImpresionismo (Arte) _zEstados Unidos _95236 |
| 650 | 1 | 4 |
_aPinturas americanas _ySiglo XIX _95478 |
| 942 |
_2lcc _cB |
||
| 999 |
_c1538 _d1538 |
||